La vereda Tocogua de Diutama en el departamento de Boyaca, un modelo de desarrollo integral para el siglo XXI, mediante un enfoque de administracion publica participativa (Registro nro. 65774)

Detalles MARC
000 -CABECERA
campo de control de longitud fija 00948nam a2200265Ia 4500
001 - NÚMERO DE CONTROL
campo de control 65774
003 - IDENTIFICADOR DEL NÚMERO DE CONTROL
campo de control 138576
005 - FECHA Y HORA DE LA ÚLTIMA TRANSACCIÓN
campo de control 20250226071157.0
008 - DATOS DE LONGITUD FIJA--INFORMACIÓN GENERAL
campo de control de longitud fija ||||||n9999 ||| || ||
041 ## - CÓDIGO DE LENGUA
Código de lengua del texto/banda sonora o título independiente spa
100 ## - ENTRADA PRINCIPAL--NOMBRE DE PERSONA
Nombre de persona Pineda Gonzalez, Jose A.
9 (RLIN) 89739
245 #0 - MENCIÓN DE TÍTULO
Título La vereda Tocogua de Diutama en el departamento de Boyaca, un modelo de desarrollo integral para el siglo XXI, mediante un enfoque de administracion publica participativa
260 ## - PUBLICACIÓN, DISTRIBUCIÓN, ETC.
Lugar de publicación, distribución, etc. Bogotá :
Nombre del editor, distribuidor, etc. Escuela Superior de Administración Pública - ESAP,
Fecha de publicación, distribución, etc. 1999.
300 ## - DESCRIPCIÓN FÍSICA
Extensión 156h.
500 ## - NOTA GENERAL
Nota general Tesis
562 ## - NOTA DE IDENTIFICACIÓN DE LA COPIA Y VERSIÓN
Número de copias 1
650 #0 - PUNTO DE ACCESO ADICIONAL DE MATERIA--TÉRMINO DE MATERIA
Término de materia o nombre geográfico como elemento de entrada ANÁLISIS DE CASOS
9 (RLIN) 248
650 #0 - PUNTO DE ACCESO ADICIONAL DE MATERIA--TÉRMINO DE MATERIA
Término de materia o nombre geográfico como elemento de entrada Desarrollo rural
9 (RLIN) 7414
650 ## - PUNTO DE ACCESO ADICIONAL DE MATERIA--TÉRMINO DE MATERIA
Término de materia o nombre geográfico como elemento de entrada DUITAMA, BOYACA (COLOMBIA)
9 (RLIN) 35271
650 #0 - PUNTO DE ACCESO ADICIONAL DE MATERIA--TÉRMINO DE MATERIA
Término de materia o nombre geográfico como elemento de entrada Magister en Administración Pública (Bogotá)
9 (RLIN) 89741
650 ## - PUNTO DE ACCESO ADICIONAL DE MATERIA--TÉRMINO DE MATERIA
Término de materia o nombre geográfico como elemento de entrada MODELOS DE DESARROLLO
9 (RLIN) 5901
650 #0 - PUNTO DE ACCESO ADICIONAL DE MATERIA--TÉRMINO DE MATERIA
Término de materia o nombre geográfico como elemento de entrada Participación ciudadana
9 (RLIN) 10525
650 ## - PUNTO DE ACCESO ADICIONAL DE MATERIA--TÉRMINO DE MATERIA
Término de materia o nombre geográfico como elemento de entrada TESIS Y DISERTACIONES ACADÉMICAS
9 (RLIN) 89743
942 ## - ELEMENTOS DE PUNTO DE ACCESO ADICIONAL (KOHA)
Tipo de ítem Koha Tesis
Existencias
Estado de retiro Estado de pérdida Estado dañado No para préstamo Código de colección Localización permanente Ubicación/localización actual Coste, precio normal de compra Total de préstamos Signatura topográfica completa Código de barras Número de copia Tipo de ítem Koha
        Trabajos de Grado Bogotá - Sede Central Bogotá - Sede Central 0.00   BOG098 1999 86206 1 Tesis